000
00292nam a22001337a 4500
008
181009b xxu||||| |||| 00| 0 eng d
020
_a
9781559344241
041
_a
eng
080
_a
572
100
_a
24
101
_a
ANT
245
_a
Biological Anthropology
_c
Park,M.A
942
_2
udc
_c
BK
999
_c
49120
_d
49120